Catálogo
 En Linea
Vista normal Vista MARC

Entrada Nombre personal

Número de registros utilizados en: 4

001 - NÚMERO DE CONTROL

  • campo de control: 79053

003 - IDENTIFICADOR DEL NÚMERO DE CONTROL

  • campo de control: DO-SdBNP

005 - FECHA Y HORA DE LA ÚLTIMA TRANSACCIÓN

  • campo de control: 20210907084638.0

008 - DATOS DE LONGITUD FIJA

  • campo de control de longitud fija: 210630|| aca||aabn | a|a d

040 ## - FUENTE DE LA CATALOGACIÓN

  • Centro catalogador/agencia de origen: DO-SdBNP
  • Centro/agencia transcriptor: DO-SdBNP

100 1# - ENCABEZAMIENTO-NOMBRE DE PERSONA

  • Nombre de persona: Díaz Valcárcel, Emilio,
  • Fechas asociadas al nombre: 1929-2015

370 ## - LUGAR ASOCIADO

  • Lugar de nacimiento: Trujillo Alto (P.R.) |

374 ## - OCUPACIÓN

  • Ocupación: Escritor

375 ## - GÉNERO/SEXO

  • Género/Sexo: Masculino

377 ## - LENGUA/LENGUAJE ASOCIADO

  • Código del idioma: spa

400 ## - TRAZADO DE VÉASE--NOMBRE DE PERSONA

  • Nombre de persona: Valcárcel, Emilio Díaz

670 ## - FUENTE DE DATOS ENCONTRADOS

  • Cita de la fuente: Díaz Valcárcel, Emilio, 1929-2014., El dulce fruto :, 2018.

670 ## - FUENTE DE DATOS ENCONTRADOS

  • Cita de la fuente: El asedio, 1958:

670 ## - FUENTE DE DATOS ENCONTRADOS

  • Cita de la fuente: Cuentos completos, 2002

670 ## - FUENTE DE DATOS ENCONTRADOS

  • Cita de la fuente: Panorama (Narraciones 1955-1967), 1971

Con tecnología Koha